Essentials of child and adolescent psychiatry / (Record no. 4582)
[ view plain ]
| 000 -LEADER | |
|---|---|
| fixed length control field | 00523cam a22001574a 4500 |
| 020 ## - ISBN | |
| International Standard Book Number | 1585622176 (pbk. : alk. paper) |
| 020 ## - ISBN | |
| International Standard Book Number | 9781585622177 |
| 050 00 - LIBRARY OF CONGRESS CALL NUMBER | |
| Classification Number | RJ 499 |
| Item Number | .E7 |
| 245 00 - TITLE | |
| Title | Essentials of child and adolescent psychiatry / |
| Statement of responsibility, etc | edited by Mina K. Dulcan, Jerry M. Wiener. |
| 260 ## - PUBLICATION, DISTRIBUTION, ETC.(IMPRINT) | |
| Place of publication, distribution, etc | Washington, DC : |
| Name of publisher, distributor, etc | American Psychiatric Pub., |
| Date of publication, distribution, etc | c2006. |
| 300 ## - PHYSICAL DESCRIPTION | |
| Extent | 805 p. ; |
| 700 1# - ADDED ENTRY--PERSONAL AUTHOR | |
| Personal Name | Dulcan, Mina K. |
| 700 1# - ADDED ENTRY--PERSONAL AUTHOR | |
| Personal Name | Wiener, Jerry M., |
| 856 41 - URL/ELECTRONIC LOCATION AND ACCESS | |
| Uniform Resource Identifier | <a href="http://www.loc.gov/catdir/toc/ecip0518/2005026052.html">http://www.loc.gov/catdir/toc/ecip0518/2005026052.html</a> |
| 942 ## - ADDED ENTRY ELEMENTS(KOHA) | |
| Source of classification or shelving scheme | Library of Congress Classification |
| Koha item type | General circulation |
| Source of classification or shelving scheme | Not for loan | Location (home branch) | Sublocation (holding branch) | Shelving location | Date accessioned | Full call number | Barcode | Koha item type | Public note |
|---|---|---|---|---|---|---|---|---|---|
| Library of Congress Classification | Main Campus Library | Main Campus Library | 29/06/2015 | RJ 499 .E7 | 2015/001316 | General circulation | smo |